| 000 | 00770nam a22002177a 4500 | ||
|---|---|---|---|
| 999 |
_c2524 _d2524 |
||
| 003 | AR-CdUCM | ||
| 008 | 190304b ||||| |||| 00| 0 spa d | ||
| 020 | _a84-7232-2793 | ||
| 040 |
_aMUNICIPALIDAD PROVINCIAL DEL CUSCO _cBIBLIOTECA MUNICIPAL DEL CUSCO |
||
| 082 |
_a301 / _bM36 |
||
| 100 |
_aMedina Echevarria, José _98952 |
||
| 245 | _aLa sociología como ciencia social concreta / | ||
| 260 |
_aMadrid. _bCultura hispánica, _c1980. |
||
| 300 |
_a193 páginas ; _c24 cm. |
||
| 505 | _aContenido: La teoría social -- La acción social -- La cohesión social -- Presión y control sociales -- La persona social ... | ||
| 650 |
_aProceso social _98953 |
||
| 650 |
_aCompetencia _98954 |
||
| 650 |
_aCohesión social _98955 |
||
| 942 |
_2ddc _cLIBROS |
||
| 945 | _aafb | ||